[Event "Olimpiade 2024 - Donne"]
[Site "Budapest"]
[Date "20.09.2024"]
[Round "9.25"]
[Board "2"]
[White "Zvereva, Marija"]
[Black "Avramidou, Anastasia"]
[Result "0-1"]
[WhiteTitle "WIM"]
[BlackTitle "FM"]
[WhiteElo "2035"]
[BlackElo "2290"]
[WhiteTeam "Monaco"]
[BlackTeam "Greece"]
[WhiteFideId "4121082"]
[BlackFideId "4239873"]
[EventDate "2024.09.11"]

1. e4 c5 2. Nf3 d6 3. Bb5+ Nd7 4. a4 Nf6 5. Qe2 e5 6. O-O Be7 7. c3 O-O 8. d4
cxd4 9. cxd4 exd4 10. Nxd4 Ne5 11. Nc3 a6 12. Bd3 d5 13. Nf5 Nxd3 14. Qxd3 dxe4
15. Qxd8 Bxd8 16. Nd6 Bc7 17. Nxc8 Raxc8 18. Re1 Ba5 19. Bg5 Rxc3 20. bxc3 Bxc3
21. Rac1 Bxe1 22. Rxe1 Rc8 23. g3 Rc4 24. Rb1 Rxa4 25. Rxb7 h6 26. Bxf6 gxf6 27.
Kf1 Kg7 28. Ke2 f5 29. Rb6 f6 30. h4 Kg6 31. Rb3 a5 32. Ke3 Ra2 33. Rb5 Ra3+ 34.
Ke2 a4 35. Ra5 Ra1 36. Ke3 a3 37. Ke2 a2 38. Ra4 e3 39. fxe3 0-1

[Event "Olimpiade 2024 - Donne"]
[Site "Budapest"]
[Date "20.09.2024"]
[Round "9.25"]
[Board "3"]
[White "Pavlidou, Ekaterini"]
[Black "Berezovsky, Fiorina"]
[Result "1/2-1/2"]
[WhiteTitle "WIM"]
[BlackTitle "WCM"]
[WhiteElo "2141"]
[BlackElo "1976"]
[WhiteTeam "Greece"]
[BlackTeam "Monaco"]
[WhiteFideId "4213262"]
[BlackFideId "5400651"]
[EventDate "2024.09.11"]

1. d4 d5 2. c4 e6 3. Nf3 Be7 4. Nc3 Nf6 5. Bf4 c6 6. e3 O-O 7. Rc1 Nbd7 8. Bd3
dxc4 9. Bxc4 b5 10. Bd3 a6 11. O-O c5 12. a4 c4 13. Bb1 Qb6 14. e4 Bb7 15. Bg5
b4 16. Ne2 Qd8 17. Ng3 a5 18. Re1 Nb6 19. e5 Nfd5 20. Qc2 g6 21. Bh6 Re8 22. Ne4
Rc8 23. b3 cxb3 24. Qxb3 Nc3 25. Nxc3 Rxc3 26. Rxc3 bxc3 27. Qxc3 Bb4 28. Qc1
Bxf3 29. gxf3 Bxe1 30. Qxe1 Qxd4 31. Be3 Qxe5 32. f4 Qb2 33. Be4 Nc4 34. Bc1 Qb3
35. Kg2 Rd8 36. Bf3 h5 37. f5 exf5 38. Qe7 Qb6 39. Bg5 Rd6 40. Qe8+ Kg7 41. Be7
Rf6 42. Bd5 Qd4 43. Bxf6+ Qxf6 44. Bxc4 Qg5+ 45. Kf1 Qc1+ 46. Kg2 Qxc4 47. Qe5+
Kh7 48. Qxa5 Qg4+ 49. Kf1 Qd1+ 50. Kg2 Qg4+ 51. Kf1 h4 52. Qd5 Qxa4 53. Qxf7+
Kh6 54. Qf8+ Kh5 55. h3 Qd1+ 56. Kg2 Qd5+ 57. Kg1 Qe5 58. Qf7 Qe1+ 59. Kg2 Qe4+
60. Kg1 f4 61. Qf8 Qe5 62. Kg2 Qd5+ 63. Kh2 f3 64. Qf4 g5 65. Qf6 Qd2 66. Qf7+
Kh6 67. Qf6+ Kh7 68. Qf7+ Kh6 69. Qf6+ Kh7 1/2-1/2

[Event "Olimpiade 2024 - Donne"]
[Site "Budapest"]
[Date "20.09.2024"]
[Round "9.25"]
[Board "4"]
[White "Dubois, Martine"]
[Black "Markantonaki, Haritomeni"]
[Result "0-1"]
[WhiteTitle "WIM"]
[BlackTitle "WFM"]
[WhiteElo "1816"]
[BlackElo "2179"]
[WhiteTeam "Monaco"]
[BlackTeam "Greece"]
[WhiteFideId "601926"]
[BlackFideId "4207050"]
[EventDate "2024.09.11"]

1. e4 e5 2. Nf3 Nc6 3. c3 d5 4. Qa4 dxe4 5. Nxe5 Qd5 6. Nxc6 bxc6 7. Bc4 Qd7 8.
d3 exd3 9. Bxd3 Nf6 10. O-O Bd6 11. Bf5 Qxf5 12. Qxc6+ Kd8 13. Qxa8 Ng4 14. g3
h5 15. Nd2 h4 16. Nf3 hxg3 17. fxg3 Nxh2 18. Bg5+ f6 19. Nxh2 Bc5+ 20. Kh1 Rxh2+ 0-1

[Event "Olimpiade 2024 - Donne"]
[Site "Budapest"]
[Date "20.09.2024"]
[Round "9.26"]
[Board "1"]
[White "Pipiras, Filipa Fortuna"]
[Black "Linares Napoles, Oleiny"]
[Result "0-1"]
[WhiteTitle "FM"]
[BlackTitle "WGM"]
[WhiteElo "2187"]
[BlackElo "2201"]
[WhiteTeam "Portugal"]
[BlackTeam "Cuba"]
[WhiteFideId "1944894"]
[BlackFideId "3504794"]
[EventDate "2024.09.11"]

1. d4 Nf6 2. c4 e5 3. dxe5 Ng4 4. Nf3 Nc6 5. Nc3 Bc5 6. e3 O-O 7. Be2 Re8 8. O-O
Ncxe5 9. Nxe5 Nxe5 10. f4 Nc6 11. Bd3 Bf8 12. Qf3 d6 13. Bd2 Bd7 14. Rae1 Rb8
15. e4 a6 16. Nd5 Ne7 17. Bc3 Nxd5 18. cxd5 c6 19. dxc6 Bxc6 20. Qg3 Bb5 21.
Bxb5 Qb6+ 22. Kh1 Qxb5 23. Qf3 Rbc8 24. h3 Rc7 25. Re3 h6 26. Rfe1 Qc6 27. Qg4
Kh8 28. Rg3 f6 29. Qg6 d5 30. Bxf6 Rxe4 31. Qxh6+ Kg8 32. Rxe4 dxe4 33. Rg6 Qxf6
34. Qh5 Rc1+ 35. Kh2 Qxf4+ 36. Rg3 Bd6 37. Qe8+ Kh7 38. Qh5+ Qh6 39. Qf5+ Kh8
40. Qxe4 Bxg3+ 41. Kxg3 Qd6+ 42. Kg4 Qd7+ 43. Kg3 Qc7+ 44. Kf3 Qc6 0-1

[Event "Olimpiade 2024 - Donne"]
[Site "Budapest"]
[Date "20.09.2024"]
[Round "9.26"]
[Board "2"]
[White "Arribas Robaina, Maritza"]
[Black "Silva, Ana Ines Teixeira Da"]
[Result "1-0"]
[WhiteTitle "WGM"]
[BlackTitle "WFM"]
[WhiteElo "2143"]
[BlackElo "1925"]
[WhiteTeam "Cuba"]
[BlackTeam "Portugal"]
[WhiteFideId "3501418"]
[BlackFideId "1932543"]
[EventDate "2024.09.11"]

1. e4 e5 2. Nf3 Nc6 3. Bb5 a6 4. Ba4 Nf6 5. d3 b5 6. Bb3 Bc5 7. a4 Bb7 8. O-O d6
9. Nc3 b4 10. Nd5 Nxd5 11. Bxd5 Na5 12. Be3 Bxe3 13. fxe3 Bxd5 14. exd5 O-O 15.
Qe1 c5 16. b3 f6 17. e4 Ra7 18. Nh4 Raf7 19. Nf5 Nb7 20. Rf3 Kh8 21. Qh4 c4 22.
dxc4 Nc5 23. Raf1 Nd7 24. Kh1 Qb6 25. g4 g5 26. Qf2 Qc7 27. Qe3 a5 28. R1f2 Rd8
29. h4 gxh4 30. Rh2 Nf8 31. Nh6 Ng6 32. Nxf7+ Qxf7 33. Qh6 Qe7 34. Rf5 Rf8 35.
Rhf2 Rf7 36. g5 Qd7 37. Kh2 Qa7 38. gxf6 Qd4 39. Qd2 Qxe4 40. Qd3 Qe1 41. Rf1
Qg3+ 42. Qxg3 hxg3+ 43. Kxg3 Nf4 44. R1xf4 exf4+ 45. Kxf4 Kg8 46. c5 dxc5 47.
Ke5 Kf8 48. Ke6 Ra7 49. d6 Ra8 50. Rxc5 Re8+ 51. Kd5 Kf7 52. d7 Rd8 53. Kd6 Kxf6
54. Rc8 1-0

[Event "Olimpiade 2024 - Donne"]
[Site "Budapest"]
[Date "20.09.2024"]
[Round "9.26"]
[Board "3"]
[White "Duque, Raquel Dos Santos"]
[Black "Miranda Llanes, Yerisbel"]
[Result "0-1"]
[BlackTitle "WGM"]
[WhiteElo "1913"]
[BlackElo "2294"]
[WhiteTeam "Portugal"]
[BlackTeam "Cuba"]
[WhiteFideId "1945890"]
[BlackFideId "3507700"]
[EventDate "2024.09.11"]

1. d4 Nf6 2. Nf3 d5 3. g3 c5 4. Bg2 cxd4 5. O-O h6 6. b3 e6 7. Bb2 Bc5 8. Nxd4
O-O 9. c4 e5 10. Nf3 e4 11. Nd4 dxc4 12. bxc4 Na6 13. e3 Nb4 14. Nd2 Re8 15.
N2b3 Bf8 16. Nb5 Bf5 17. Qxd8 Rexd8 18. Bxf6 gxf6 19. N3d4 Bg6 20. a3 Nd3 21.
Nc3 Nc5 22. Rfd1 Bd6 23. Rab1 Be5 24. Nd5 Kg7 25. Bh3 b6 26. Nc6 Re8 27. Nxe5
Rxe5 28. Nc7 Rb8 29. Rd6 Bf5 30. Bxf5 Rxf5 31. Rb5 Re5 32. Nd5 Re6 33. Rxe6 fxe6
34. Nf4 Rd8 35. a4 Rd1+ 36. Kg2 Ra1 37. Rb4 Kf7 38. Ne2 Rxa4 39. Rxa4 Nxa4 40.
Nd4 Nb2 41. Nb5 a5 42. Nd6+ Ke7 43. Nc8+ Kd7 44. Nxb6+ Kc6 45. c5 Kxc5 46. Nd7+
Kb4 47. Nb6 Nc4 0-1

[Event "Olimpiade 2024 - Donne"]
[Site "Budapest"]
[Date "20.09.2024"]
[Round "9.26"]
[Board "4"]
[White "Forgas Moreno, Yaniela"]
[Black "Avelino, Camila Biscaya"]
[Result "1/2-1/2"]
[WhiteTitle "WGM"]
[WhiteElo "2203"]
[BlackElo "1843"]
[WhiteTeam "Cuba"]
[BlackTeam "Portugal"]
[WhiteFideId "3508072"]
[BlackFideId "1938975"]
[EventDate "2024.09.11"]

1. f4 d5 2. Nf3 Bg4 3. Ne5 Bf5 4. d3 e6 5. c3 Bc5 6. e3 Nd7 7. Nxd7 Qxd7 8. Be2
Nf6 9. O-O h5 10. b4 Bb6 11. Na3 Bg4 12. Nc2 Kf8 13. Ne1 Kg8 14. h3 Bxe2 15.
Qxe2 c5 16. Nf3 Rc8 17. bxc5 Bxc5 18. Bd2 Ne8 19. Ne5 Qc7 20. Rab1 Bd6 21. Nf3
a6 22. g3 b5 23. Kg2 e5 24. fxe5 Bxe5 25. Nxe5 Qxe5 26. Qf3 Nf6 27. Rb4 Rh6 28.
Qf5 Qxf5 29. Rxf5 Rg6 30. Kf3 Kf8 31. g4 hxg4+ 32. hxg4 Ke7 33. g5 Ke6 34. e4
dxe4+ 35. dxe4 Nd7 36. a4 Ne5+ 37. Ke2 bxa4 38. Bf4 Nd7 39. Rxa4 Rc6 40. Rfa5
Ke7 41. Ra3 Rge6 42. Kf3 f6 43. Rd5 Rc4 44. Rd4 Rc5 45. gxf6+ gxf6 46. Rb3 Rb5
47. Rxb5 axb5 48. Rb4 Rc6 49. Bd2 Ne5+ 50. Ke3 Nc4+ 51. Ke2 Nxd2 52. Kxd2 Rc5
53. Kd3 Ke6 54. Rd4 f5 55. exf5+ Rxf5 56. Kc2 Rd5 57. Rh4 Kd6 58. Kb3 Kc5 59.
Rh8 Rd6 60. Rg8 Rh6 61. Rg5+ 1/2-1/2

[Event "Olimpiade 2024 - Donne"]
[Site "Budapest"]
[Date "20.09.2024"]
[Round "9.27"]
[Board "1"]
[White "Kanyamarala, Trisha"]
[Black "Cramling, Pia"]
[Result "0-1"]
[WhiteTitle "WIM"]
[BlackTitle "GM"]
[WhiteElo "2179"]
[BlackElo "2425"]
[WhiteTeam "Ireland"]
[BlackTeam "Sweden"]
[WhiteFideId "45004722"]
[BlackFideId "1700030"]
[EventDate "2024.09.11"]

1. d4 Nf6 2. c4 e6 3. Nf3 d5 4. Nc3 c6 5. e3 Nbd7 6. Bd3 dxc4 7. Bxc4 b5 8. Bb3
b4 9. Ne2 Bb7 10. O-O c5 11. Nf4 Bd6 12. Ng5 Bxf4 13. exf4 h6 14. Nf3 O-O 15.
Be3 Rc8 16. Rc1 Qa5 17. Ne5 Rfd8 18. Qe2 Nxe5 19. fxe5 cxd4 20. exf6 dxe3 21.
Qxe3 Rxc1 22. Rxc1 Qg5 23. Qxg5 hxg5 24. fxg7 Rd2 25. Bc2 Bd5 26. b3 Kxg7 27.
Kf1 Kf6 28. h3 a5 29. Ke1 Rd4 30. f3 Ke5 31. Ke2 Kf4 32. Bd3 Kg3 33. Ke3 e5 34.
Rc2 Be6 35. Rc5 Rd5 36. Rc2 Rxd3+ 37. Kxd3 Bf5+ 0-1

[Event "Olimpiade 2024 - Donne"]
[Site "Budapest"]
[Date "20.09.2024"]
[Round "9.27"]
[Board "2"]
[White "Cramling Bellon, Anna"]
[Black "O'Gorman, Alice"]
[Result "1-0"]
[WhiteTitle "WFM"]
[WhiteElo "2066"]
[BlackElo "1996"]
[WhiteTeam "Sweden"]
[BlackTeam "Ireland"]
[WhiteFideId "32009232"]
[BlackFideId "2508214"]
[EventDate "2024.09.11"]

1. d4 d5 2. c4 e6 3. Nc3 a6 4. cxd5 exd5 5. Nf3 c6 6. Qc2 Bd6 7. Bg5 Ne7 8. e3
h6 9. Bh4 Bf5 10. Qxf5 Nxf5 11. Bxd8 Kxd8 12. Bd3 Ne7 13. O-O Nd7 14. e4 dxe4
15. Nxe4 Bc7 16. Nc5 Rb8 17. Rfe1 g6 18. Bc4 Nd5 19. g3 N7f6 20. Rad1 Bd6 21.
Ne5 Rf8 22. Rd3 Kc7 23. Rf3 Bxe5 24. dxe5 Nd7 25. Bxd5 cxd5 26. Rc3 Nxc5 27.
Rxc5+ Kb6 28. Rxd5 Rbd8 29. Red1 Rxd5 30. Rxd5 Re8 31. Rd6+ Kc7 32. f4 Re7 33.
Kf2 h5 34. Kf3 a5 35. g4 hxg4+ 36. Kxg4 f5+ 37. Kg5 Rh7 38. Rd2 1-0

[Event "Olimpiade 2024 - Donne"]
[Site "Budapest"]
[Date "20.09.2024"]
[Round "9.27"]
[Board "3"]
[White "Gora, Antonina"]
[Black "Valcu, Lavinia"]
[Result "1/2-1/2"]
[WhiteElo "1943"]
[BlackElo "2076"]
[WhiteTeam "Ireland"]
[BlackTeam "Sweden"]
[WhiteFideId "1148290"]
[BlackFideId "1752197"]
[EventDate "2024.09.11"]

1. e4 c5 2. Nf3 d6 3. d4 cxd4 4. Nxd4 Nf6 5. Nc3 a6 6. f3 e5 7. Nb3 Be7 8. Be3
Be6 9. Qd2 h5 10. Nd5 Nxd5 11. exd5 Bf5 12. O-O-O Nd7 13. Kb1 Rc8 14. Bd3 Bxd3
15. Qxd3 Bg5 16. Bf2 Bh6 17. h4 Qf6 18. Nd2 Bxd2 19. Qxd2 Nc5 20. Rde1 O-O 21.
Be3 Rc7 22. Qd1 Rfc8 23. g4 Na4 24. Bg5 Qg6 25. Rh2 Rc5 26. Re4 Nb6 27. Rd2 f6
28. Be3 Nc4 29. Bxc5 Nxd2+ 30. Qxd2 Rxc5 31. b4 Rc8 32. Kb2 b5 33. gxh5 Qxh5 34.
Rg4 f5 35. Qg5 Qxg5 36. Rxg5 Rc4 37. a3 Rd4 38. h5 Kh7 39. Rxf5 Rxd5 40. f4 Kh6
41. fxe5 1/2-1/2

[Event "Olimpiade 2024 - Donne"]
[Site "Budapest"]
[Date "20.09.2024"]
[Round "9.27"]
[Board "4"]
[White "Zaritovskaja, Margarita"]
[Black "Putar, Lara"]
[Result "0-1"]
[WhiteElo "2009"]
[BlackElo "1911"]
[WhiteTeam "Sweden"]
[BlackTeam "Ireland"]
[WhiteFideId "14149249"]
[BlackFideId "14546604"]
[EventDate "2024.09.11"]

1. e4 e6 2. Nf3 d5 3. Nc3 Nf6 4. e5 Nfd7 5. d4 c5 6. dxc5 Nc6 7. Bf4 Bxc5 8. Bd3
h6 9. Qe2 g5 10. Bg3 g4 11. Nd2 h5 12. Nb5 a6 13. Nd6+ Bxd6 14. exd6 Qf6 15. h4
Nc5 16. O-O e5 17. c4 d4 18. f4 gxf3 19. Nxf3 Bg4 20. Be4 Nxe4 21. Qxe4 Bxf3 22.
Rxf3 Qxd6 23. b4 Qg6 24. Qe2 O-O-O 25. b5 d3 26. Qf2 Nd4 27. Rf6 Ne2+ 28. Kh2
Qxg3+ 29. Qxg3 Nxg3 30. Kxg3 d2 31. Rd1 e4 32. bxa6 bxa6 33. Rxa6 Rhg8+ 34. Kf2
Kb7 35. Rf6 Rd7 36. Ke3 Rxg2 37. Kxe4 Re2+ 38. Kf3 Re1 39. Rxd2 Rxd2 40. Rxf7+
Kc6 41. Rh7 Re5 42. Kf4 Rde2 43. Rh6+ Kc5 44. Rh8 Kxc4 45. Rc8+ Rc5 46. Rd8 Rxa2
47. Rd7 Rg2 48. Ra7 Rg4+ 49. Kf3 Kd3 50. Ra3+ Rc3 51. Ra8 Rxh4 52. Rd8+ Rd4 53.
Re8 Kc2+ 54. Kf2 h4 55. Kg2 h3+ 0-1

[Event "Olimpiade 2024 - Donne"]
[Site "Budapest"]
[Date "20.09.2024"]
[Round "9.28"]
[Board "1"]
[White "Gong, Qianyun"]
[Black "Dolgova, Olga"]
[Result "1/2-1/2"]
[WhiteTitle "WGM"]
[BlackTitle "WIM"]
[WhiteElo "2250"]
[BlackElo "2171"]
[WhiteTeam "Singapore"]
[BlackTeam "Norway"]
[WhiteFideId "8602425"]
[BlackFideId "4158296"]
[EventDate "2024.09.11"]

1. e4 c6 2. d4 d5 3. e5 Bf5 4. h4 a6 5. h5 h6 6. g4 Bd7 7. Nd2 e6 8. Nb3 c5 9.
dxc5 Bxc5 10. Nxc5 Qa5+ 11. c3 Qxc5 12. Nf3 Ne7 13. Bd3 Qc7 14. Qe2 Nbc6 15. Bf4
O-O-O 16. Rc1 Kb8 17. b4 Rc8 18. a3 Ka8 19. Bg3 Qb6 20. O-O Na7 21. Nd2 g6 22.
hxg6 fxg6 23. c4 h5 24. g5 Nac6 25. c5 Qd8 26. Nb3 h4 27. Bf4 Qf8 28. Bd2 Nf5
29. Qg4 Nxe5 30. Qe2 Nxd3 31. Qxd3 Bb5 32. Qh3 Bxf1 33. Rxf1 Qe8 34. Re1 Qd7 35.
Bf4 Rhe8 36. Be5 Qa4 37. Qc3 Rc6 38. Na5 Rcc8 39. Rb1 Red8 40. Kh2 d4 41. Qf3
Rd5 42. Nc4 Rc6 43. Rc1 Ka7 44. Qf4 Rd8 45. Bc7 Re8 46. Na5 Rc8 47. Bb6+ Ka8 48.
Qf3 Qb5 49. Nc4 Re8 50. Qb3 Rcc8 51. a4 Qc6 52. b5 Qe4 53. bxa6 Qf4+ 54. Kh3 Rc6
55. axb7+ Kb8 56. Rb1 Ne3 57. Nxe3 dxe3 58. Qxe3 Qxe3+ 59. fxe3 Kxb7 60. Rf1 Re7
61. Kxh4 e5 62. a5 Rce6 63. Kg4 Rh7 64. Rf6 Rhe7 65. Bd8 Re8 66. Rf7+ Kc6 67.
Bb6 Ra8 68. e4 Kb5 69. Rf6 Rae8 70. Rf1 Ra8 71. Rb1+ Kc6 72. Rf1 Kb5 73. Rb1+
Kc6 74. Rf1 Kb5 75. Kg3 Kc6 76. Rd1 Kb5 77. Rb1+ Kc6 78. Rf1 Kb5 79. Rf7 Kc6 80.
Rf1 1/2-1/2

[Event "Olimpiade 2024 - Donne"]
[Site "Budapest"]
[Date "20.09.2024"]
[Round "9.28"]
[Board "2"]
[White "Koskela, Niina"]
[Black "Pang, Kay Yan Eden"]
[Result "1-0"]
[WhiteTitle "WGM"]
[WhiteElo "2173"]
[BlackElo "1847"]
[WhiteTeam "Norway"]
[BlackTeam "Singapore"]
[WhiteFideId "500755"]
[BlackFideId "5825229"]
[EventDate "2024.09.11"]

1. e4 c5 2. Nf3 e6 3. d3 Nc6 4. g3 d5 5. Nbd2 Nf6 6. Bg2 Bd6 7. O-O O-O 8. Re1
Bc7 9. Qe2 b6 10. Nf1 h6 11. h4 a5 12. e5 Nd7 13. Bf4 a4 14. a3 b5 15. N1h2 f5
16. exf6 Nxf6 17. Be5 b4 18. c3 Ra7 19. cxb4 cxb4 20. axb4 Nxb4 21. Bc3 Bd6 22.
Rec1 Re8 23. Qd2 Qe7 24. Ne5 Bxe5 25. Bxe5 Ra6 26. Bxf6 gxf6 27. Qxh6 Qg7 28.
Qd2 Nc6 29. d4 Na5 30. Qd3 Nc4 31. b3 axb3 32. Qxb3 Rb6 33. Qd1 Ba6 34. Rcb1
Reb8 35. Rxb6 Rxb6 36. Rb1 Qb7 37. Rxb6 Qxb6 38. Qg4+ Kf7 39. Qh5+ Kg7 40. Qg4+
Kf7 41. Nf3 Qb1+ 42. Kh2 Qc2 43. Qf4 Kg7 44. Qc7+ Kh6 45. Qf7 Qf5 46. Qf8+ Kh7
47. Qa8 Qc2 48. Qxa6 Qxf2 49. Ng1 Ne3 50. Qe2 f5 51. Qf3 Ng4+ 52. Kh1 Qd2 53.
Nh3 Qxd4 54. Qe2 Kg7 55. Bf3 Ne5 56. Nf4 Kf6 57. Kg2 Kf7 58. Qc2 Nc4 59. Qd3
Ne3+ 60. Kh3 Qxd3 61. Nxd3 Kf6 62. Nf4 d4 63. Kh2 e5 64. Nd5+ Nxd5 65. Bxd5 f4
66. g4 d3 67. Kg2 d2 68. Bb3 e4 69. Kf2 e3+ 70. Kf3 Kg6 71. Bd1 e2 72. Bxe2 Kf6
73. Ke4 1-0

[Event "Olimpiade 2024 - Donne"]
[Site "Budapest"]
[Date "20.09.2024"]
[Round "9.28"]
[Board "3"]
[White "Rice, Lauren"]
[Black "Ni, Viktorija"]
[Result "1/2-1/2"]
[BlackTitle "WIM"]
[WhiteElo "1824"]
[BlackElo "2163"]
[WhiteTeam "Singapore"]
[BlackTeam "Norway"]
[WhiteFideId "5824591"]
[BlackFideId "11602252"]
[EventDate "2024.09.11"]

1. d4 Nf6 2. c4 g6 3. Nc3 Bg7 4. g3 O-O 5. Bg2 d6 6. e4 e5 7. Nge2 Nc6 8. d5 Nd4
9. O-O Re8 10. Be3 Ng4 11. Bxd4 exd4 12. Nxd4 a6 13. Rc1 Qf6 14. Nce2 Bh6 15.
Rc3 Qe7 16. Rc2 Bd7 17. h3 Nf6 18. Nc3 Rab8 19. a3 c5 20. dxc6 bxc6 21. Re2 c5
22. Nf3 Bc6 23. Rfe1 Bg7 24. Nh4 Qd7 25. Rd2 Qc7 26. Rxd6 Nd7 27. Rd2 Bd4 28.
Rxd4 cxd4 29. Qxd4 Qe5 30. Qd2 Qc5 31. Bf1 Ne5 32. b4 Qe7 33. Qe3 Qe6 34. Nd5
Bxd5 35. exd5 Qd7 36. Qc3 Qd6 37. Bg2 Qf6 38. Qc2 g5 39. Nf5 Nf3+ 40. Bxf3 Rxe1+
41. Kg2 Qa1 42. Kh2 Qxa3 43. Qd2 Qc1 44. Qd4 Qa1 45. Nh6+ Kf8 46. Qa7 Qf6 47.
Qxb8+ Re8 48. Qa7 Qxf3 49. Qd4 Re1 50. Qh8+ Ke7 51. Ng8+ Kd7 52. Nf6+ Kc7 53.
Ne8+ Rxe8 54. Qxe8 Qxf2+ 55. Kh1 Qf1+ 56. Kh2 Qf2+ 57. Kh1 Qf1+ 58. Kh2 1/2-1/2

[Event "Olimpiade 2024 - Donne"]
[Site "Budapest"]
[Date "20.09.2024"]
[Round "9.28"]
[Board "4"]
[White "Machlik, Monika"]
[Black "Fang, Kun"]
[Result "1/2-1/2"]
[BlackTitle "WCM"]
[WhiteElo "2109"]
[BlackElo "1769"]
[WhiteTeam "Norway"]
[BlackTeam "Singapore"]
[WhiteFideId "1513621"]
[BlackFideId "5819660"]
[EventDate "2024.09.11"]

1. d4 d5 2. c4 e6 3. Nc3 Nf6 4. cxd5 exd5 5. Bg5 Be7 6. e3 c6 7. Bd3 O-O 8. h3
Nbd7 9. Qc2 Re8 10. Bf4 Nf8 11. Nf3 Ng6 12. Bh2 Bd6 13. Bxd6 Qxd6 14. O-O-O Bd7
15. g4 Rec8 16. g5 Ne8 17. Kb1 c5 18. dxc5 Rc7 19. c6 Rxc6 20. Nd4 Rc5 21. f4 a6
22. Qe2 Rac8 23. Qg2 Ne7 24. Nb3 R5c7 25. Be4 Qb6 26. Bxd5 Qxe3 27. Rhe1 Bf5+
28. Ka1 Qxh3 29. Bxb7 Qxg2 30. Bxg2 Ng6 31. Rd4 Kf8 32. Nd2 Rc5 33. Bb7 Rb8 34.
Bxa6 Nc7 35. Bc4 Ne6 36. Bxe6 Bxe6 37. Nf3 Rf5 38. Ree4 Ra8 39. a3 Rc5 40. Re3
Ne7 41. Re5 Rc7 42. Re1 Nc6 43. Rd2 Kg8 44. Nb5 Rd7 45. Rxe6 Rxd2 46. Rxc6 Rd3
47. Rc3 Rd1+ 48. Ka2 h5 49. gxh6 gxh6 50. Ne5 Rf1 51. Rg3+ Kh7 52. Nxf7 Rxf4 53.
Nbd6 Rf2 54. Ne5 Re2 55. Ndc4 Ra7 56. Rh3 Kg7 57. Kb3 Re4 58. Kc3 Ra6 59. Kb3
Ra7 60. a4 Rf4 61. a5 Rf8 62. Ka4 Rh8 63. b4 Kf6 64. b5 Ke6 65. b6 Rg7 66. a6
Kf5 67. b7 Kf4 68. Nc6 Rc7 69. Kb5 Kg4 70. Nd6 Kxh3 71. Kb6 Rg7 72. Nc8 Rg1 73.
Ka7 Rh7 74. Ka8 Rxb7 75. axb7 Rb1 76. Ka7 Rxb7+ 77. Kxb7 h5 78. Nd6 h4 79. Ne5
Kg3 80. Nf5+ Kf4 81. Nxh4 Kxe5 1/2-1/2

[Event "Olimpiade 2024 - Donne"]
[Site "Budapest"]
[Date "20.09.2024"]
[Round "9.29"]
[Board "1"]
[White "Tharushi, T H D Niklesha"]
[Black "Cori T., Deysi"]
[Result "0-1"]
[WhiteTitle "WCM"]
[BlackTitle "IM"]
[WhiteElo "1852"]
[BlackElo "2366"]
[WhiteTeam "Sri Lanka"]
[BlackTeam "Peru"]
[WhiteFideId "9918264"]
[BlackFideId "3801934"]
[EventDate "2024.09.11"]

1. d4 g6 2. c4 Bg7 3. Nc3 d6 4. e4 a6 5. Nge2 Nd7 6. Be3 e5 7. d5 f5 8. f3 Bh6
9. Bxh6 Qh4+ 10. g3 Qxh6 11. Qd2 Ndf6 12. Qxh6 Nxh6 13. Nc1 fxe4 14. fxe4 Bd7
15. a4 O-O 16. Kd2 c6 17. Be2 cxd5 18. cxd5 Rac8 19. h3 Rxc3 20. bxc3 Nxe4+ 21.
Kc2 Rf2 22. g4 Nc5 23. Kd2 Bxa4 24. Nd3 Rxe2+ 25. Kxe2 Bb5 26. Rhd1 e4 27. Ke3
Bxd3 28. Ra2 Nf7 29. Rf2 Kg7 30. Rxd3 exd3 31. Kd4 b5 32. c4 b4 33. Rb2 a5 34.
Rb1 g5 35. Re1 a4 36. Rb1 a3 37. Ke3 a2 38. Ra1 b3 39. Kd2 b2 40. Rxa2 b1=Q 41.
Ra7 Qc2+ 42. Ke3 Qe2+ 43. Kd4 Qe5# 0-1

[Event "Olimpiade 2024 - Donne"]
[Site "Budapest"]
[Date "20.09.2024"]
[Round "9.29"]
[Board "2"]
[White "Contreras Huaman, Fiorella"]
[Black "Pallie, Ehsha Mishela"]
[Result "1-0"]
[WhiteTitle "WIM"]
[BlackTitle "WCM"]
[WhiteElo "2168"]
[BlackElo "1767"]
[WhiteTeam "Peru"]
[BlackTeam "Sri Lanka"]
[WhiteFideId "3824675"]
[BlackFideId "9934057"]
[EventDate "2024.09.11"]

1. e4 c5 2. Nc3 e6 3. g3 d5 4. exd5 exd5 5. Bg2 Nf6 6. Nge2 Nc6 7. O-O d4 8. Ne4
Nxe4 9. Bxe4 Bd6 10. d3 O-O 11. Nf4 Ne5 12. h3 Re8 13. Re1 Rb8 14. Bd2 Bd7 15.
Ng2 Qc8 16. f4 Ng6 17. Qh5 Bc6 18. Kh2 Qc7 19. Re2 c4 20. Rae1 Bxe4 21. Rxe4
Rxe4 22. dxe4 Rd8 23. e5 Bf8 24. Qf5 Ne7 25. Qg4 Qd7 26. Qe2 Qd5 27. Nh4 Nc6 28.
c3 d3 29. Qg4 b5 30. Nf5 g6 31. Ne3 Qd7 32. Qf3 Bg7 33. Ng4 Qe6 34. Nf2 h5 35.
Ne4 Qd5 36. g4 hxg4 37. hxg4 a5 38. Qh3 Kf8 39. Nf6 Qe6 40. f5 Qe7 41. Qh7 Bxf6
42. exf6 Qd6+ 43. Kh3 Ne5 44. Qh8# 1-0

[Event "Olimpiade 2024 - Donne"]
[Site "Budapest"]
[Date "20.09.2024"]
[Round "9.29"]
[Board "3"]
[White "Gunawardhana, Devindya Oshini"]
[Black "Garcia Andrada, Heidy Nicole"]
[Result "1-0"]
[WhiteTitle "WFM"]
[BlackTitle "WIM"]
[WhiteElo "1956"]
[BlackElo "2003"]
[WhiteTeam "Sri Lanka"]
[BlackTeam "Peru"]
[WhiteFideId "29941482"]
[BlackFideId "3831779"]
[EventDate "2024.09.11"]

1. e4 c5 2. Nf3 e6 3. Nc3 a6 4. g3 Nc6 5. Bg2 e5 6. O-O d6 7. d3 h6 8. Nd2 Nge7
9. a4 g6 10. Nc4 Bg7 11. Be3 Rb8 12. a5 O-O 13. Qd2 Kh7 14. f4 Nd4 15. Rf2 Be6
16. Raf1 f5 17. fxe5 dxe5 18. h4 Qc7 19. Nd5 Nxd5 20. exd5 Bf7 21. h5 Qd8 22. c3
Nb3 23. Qc2 Nxa5 24. Bxc5 Nxc4 25. dxc4 Rg8 26. Rxf5 Be8 27. R5f2 Qg5 28. Qe4
Qxh5 29. Qh4 Qxh4 30. gxh4 Rc8 31. b4 b6 32. Bh3 Rb8 33. Bd6 Rb7 34. Bc8 Ra7 35.
Be6 Rh8 36. c5 bxc5 37. Bxc5 Ra8 38. d6 Rd8 39. Rd2 Bd7 40. Bxd7 Rxd7 41. Ra2 e4
42. c4 Re8 43. Rxa6 Re6 44. Rc6 Rd8 45. Rc7 Kg8 46. Re7 Rf6 47. Rxf6 Bxf6 48.
Rxe4 Kf7 49. b5 Ra8 50. b6 Ra1+ 51. Kg2 Ra2+ 52. Kf3 Rb2 53. d7 Rb3+ 54. Ke2
Rb2+ 55. Kd1 g5 56. Re8 Rb1+ 57. Kc2 Rb2+ 58. Kc1 1-0

[Event "Olimpiade 2024 - Donne"]
[Site "Budapest"]
[Date "20.09.2024"]
[Round "9.29"]
[Board "4"]
[White "Hilario, Aleyla"]
[Black "Abeysinghe, H M H Janandani"]
[Result "1-0"]
[WhiteTitle "WIM"]
[WhiteElo "1993"]
[BlackElo "1752"]
[WhiteTeam "Peru"]
[BlackTeam "Sri Lanka"]
[WhiteFideId "3819400"]
[BlackFideId "9926160"]
[EventDate "2024.09.11"]

1. Nf3 Nf6 2. d4 e6 3. g3 d5 4. Bg2 Nc6 5. O-O Be7 6. c4 O-O 7. b3 Ne4 8. Bb2
Nb8 9. Nc3 Nxc3 10. Bxc3 Nd7 11. Nd2 Nf6 12. e4 dxe4 13. Nxe4 Rb8 14. Qc2 b6 15.
Rad1 Bb7 16. d5 exd5 17. Nxf6+ Bxf6 18. Bxd5 Qc8 19. Bxf6 gxf6 20. Bxb7 Rxb7 21.
Rd4 Re8 22. Rh4 f5 23. Rh5 Qe6 24. Rg5+ Kf8 25. Qc3 f6 26. Rh5 Kg7 27. Qd2 Rh8
28. Re1 Qd6 29. Qh6+ Kf7 30. Rxf5 c5 31. Rg5 1-0